Poroste zaměstnanost ještě vůbec někdy? Země Dvanáctky proklamují deregulaci trhu práce jako hlavní nástroj politiky proti nezaměstnanosti.
Jeden z hlavných problémov na summite v Kodani - masová nezamestnanosť v krajinách ES. Rast nezamestnanosti a rozbor príčin tohoto stavu odborníkmi ES, OECD, výskumníkmi v USA a V. Británii. Príčiny rastu nezamestnanosti. Porovnanie nezamestnanosti v ES s nezamestnanosťou v USA. Regulácia trhu práce...
Gespeichert in:
| Format: | Buchkapitel |
|---|---|
| Sprache: | Tschechisch |
| Schlagworte: | |
| Tags: |
Keine Tags, Fügen Sie das erste Tag hinzu!
|
MARC
| LEADER | 00000naa a2200000 4500 | ||
|---|---|---|---|
| 001 | r013577 | ||
| 005 | 20221213083224.7 | ||
| 041 | 0 | |a cze | |
| 044 | |a CZ | ||
| 245 | 1 | 0 | |a Poroste zaměstnanost ještě vůbec někdy? |b Země Dvanáctky proklamují deregulaci trhu práce jako hlavní nástroj politiky proti nezaměstnanosti. |
| 520 | |a Jeden z hlavných problémov na summite v Kodani - masová nezamestnanosť v krajinách ES. Rast nezamestnanosti a rozbor príčin tohoto stavu odborníkmi ES, OECD, výskumníkmi v USA a V. Británii. Príčiny rastu nezamestnanosti. Porovnanie nezamestnanosti v ES s nezamestnanosťou v USA. Regulácia trhu práce v Európe a zámorí. | ||
| 610 | 2 | 0 | |a nezamestnanosť |
| 610 | 2 | 0 | |a Európske spoločenstvá |
| 610 | 2 | 0 | |a USA |
| 610 | 2 | 0 | |a trh práce |
| 610 | 2 | 0 | |a regulácia |